| 000 | 00406 a2200157 4500 | ||
|---|---|---|---|
| 020 | _a9788132105008 | ||
| 024 | _a9788132105008 | ||
| 082 | _a332.004150954 | ||
| 090 |
_c7027 _d7027 |
||
| 100 | _aRajesh Chakrabarti | ||
| 245 |
_aCapital Markets in India. _cRajesh Chakrabarti |
||
| 260 |
_aNew Delhi _bResponse _c2010 |
||
| 300 | _a392p. | ||
| 500 | _aPaper Cover | ||
| 942 |
_aNBS _cBK _k332.004150954 CHA |
||
| 999 |
_c349360 _d349360 |
||